000 00283nam a22001337a 4500
008 170510b xxu||||| |||| 00| 0 eng d
020 _a9781422480472
041 _aeng
080 _a34
100 _a15
101 _aSHJ
245 _aPORPERTY LAW
_cSHANNON.B.D
942 _2udc
_cBK
999 _c13062
_d13062